[Event "Lisbon Portugal rapid op"]
[Site "Lisbon"]
[Date "2017.02.11"]
[Round "7"]
[White "Machado, Tomas Dias"]
[Black "Margarido, Ricardo Emanuel Tor"]
[Result "0-1"]
[WhiteElo "1597"]
[BlackElo "1854"]
[PlyCount "100"]
[EventDate "2017.02.11"]
[EventType "swiss (rapid)"]
[EventRounds "8"]
[EventCountry "POR"]
[SourceTitle "CBM 176 Extra"]
[Source "ChessBase"]
[SourceDate "2017.03.02"]
[SourceVersion "1"]
[SourceVersionDate "2017.03.02"]
[SourceQuality "1"]

1. e4 c5 2. Nf3 e6 3. d4 cxd4 4. Nxd4 a6 5. Nc3 b5 6. g3 Bb7 7. Bg2 Qc7 8. Qe2 d6 9. 0-0 Nf6 10. f4 Nbd7 11. Re1 Nb6 12. Be3 Nc4 13. e5 dxe5 14. fxe5 Nd7 15. Ndxb5 axb5 16. Nxb5 Qb8 17. Qxc4 Bxg2 18. Nc7+ Kd8 19. Nxa8 Bxa8 20. Red1 Qb7 21. Qe2 Qh1+ 22. Kf2 Qg2+ 23. Ke1 Qc6 24. Qd3 h5 25. Rd2 Qh1+ 26. Qf1 Qe4 27. Qf2 h4 28. Rad1 Bc6 29. Rd4 Qh1+ 30. Qg1 Qf3 31. gxh4 Bc5 32. Rxd7+ Bxd7 33. Bxc5 Qe4+ 34. Be3 Rxh4 35. Kd2 Rg4 36. Qe1 Rg2+ 37. Bf2 Qf4+ 38. Ke2 Qxe5+ 39. Kf1 Qxh2 40. Rd2 Qh1+ 41. Ke2 Qh5+ 42. Kf1 Qf3 43. Qd1 Rxf2+ 44. Rxf2 Qxd1+ 45. Kg2 Qg4+ 46. Kf1 Bb5+ 47. Ke1 Qe4+ 48. Kd2 Ke7 49. b3 Qd4+ 50. Ke1 Qe3+ 0-1

[Event "Lisbon Portugal rapid op"]
[Site "Lisbon"]
[Date "2017.02.11"]
[Round "6"]
[White "Margarido, Ricardo Emanuel Tor"]
[Black "Ferreira, Paulo"]
[Result "0-1"]
[WhiteElo "1854"]
[BlackElo "2016"]
[PlyCount "114"]
[EventDate "2017.02.11"]
[EventType "swiss (rapid)"]
[EventRounds "8"]
[EventCountry "POR"]
[SourceTitle "CBM 176 Extra"]
[Source "ChessBase"]
[SourceDate "2017.03.02"]
[SourceVersion "1"]
[SourceVersionDate "2017.03.02"]
[SourceQuality "1"]

1. e4 c5 2. Nf3 d6 3. d4 cxd4 4. Nxd4 Nf6 5. Nc3 a6 6. h3 g6 7. g4 Bg7 8. Bg2 Qc7 9. Be3 Nc6 10. Qd2 Ne5 11. b3 e6 12. g5 Nfd7 13. f4 Nc6 14. Nxc6 bxc6 15. Rd1 Qa5 16. Na4 Qxd2+ 17. Rxd2 Ke7 18. 0-0 h6 19. h4 f6 20. Rfd1 hxg5 21. hxg5 fxg5 22. fxg5 Be5 23. c4 c5 24. Nb2 Bb7 25. Nd3 Bh2+ 26. Kf2 Raf8+ 27. Ke2 Ne5 28. Nxe5 Bxe5 29. Bxc5 Rh2 30. Bxd6+ Bxd6 31. Rxd6 Rxg2+ 32. Ke3 Bc8 33. c5 e5 34. Rh1 Rg3+ 35. Ke2 Bg4+ 36. Ke1 Bh5 37. Rxa6 Re3+ 38. Kd2 Rxe4 39. Ra7+ Ke6 40. c6 Rd4+ 41. Kc3 Kd5 42. c7 Rc8 43. Rf1 Ke6 44. Rf6+ Ke7 45. b4 Rd7 46. Rc6 Rd6 47. Rc5 Re6 48. b5 e4 49. Kb4 e3 50. Rc1 e2 51. Re1 Kd7 52. a4 Rxc7 53. Rxc7+ Kxc7 54. a5 Rd6 55. b6+ Kb7 56. Kb5 Rd5+ 57. Kc4 Rd1 0-1

[Event "Lisbon Portugal op"]
[Site "Lisbon"]
[Date "2017.02.04"]
[Round "1"]
[White "Campora, Daniel Hugo"]
[Black "Margarido, Ricardo Emanuel Tor"]
[Result "1-0"]
[WhiteElo "2450"]
[BlackElo "1854"]
[PlyCount "87"]
[EventDate "2017.02.04"]
[EventType "swiss"]
[EventRounds "9"]
[EventCountry "POR"]
[SourceTitle "CBM 176 Extra"]
[Source "ChessBase"]
[SourceDate "2017.03.02"]
[SourceVersion "1"]
[SourceVersionDate "2017.03.02"]
[SourceQuality "1"]

1. e4 c5 2. Nf3 e6 3. d4 cxd4 4. Nxd4 a6 5. c4 Qc7 6. Nc3 Nc6 7. Be3 Nf6 8. Be2 Bb4 9. Nxc6 dxc6 10. Qb3 Bxc3+ 11. Qxc3 e5 12. f3 Be6 13. 0-0 0-0 14. c5 Nd7 15. f4 f5 16. exf5 Bxf5 17. Bc4+ Kh8 18. fxe5 Rae8 19. e6 Bxe6 20. Bd4 Rxf1+ 21. Rxf1 Nf8 22. Rxf8+ Rxf8 23. Bxe6 Qe7 24. Bg4 Rd8 25. h3 Qf7 26. Be5 Re8 27. a3 Qe7 28. Bd4 Rd8 29. Qe3 Qf7 30. Qe5 Re8 31. Bh5 Rxe5 32. Bxf7 Re4 33. Bc3 h6 34. g3 Re7 35. Bb3 Kh7 36. Kf2 Kg6 37. Kf3 Re8 38. h4 Re7 39. Kf4 Re2 40. h5+ Kh7 41. Bc4 Rh2 42. g4 g5+ 43. Ke5 Kg7 44. Ke4+ 1-0

[Event "St Joao da Madeira op 10th"]
[Site "Sao Joao da Madeira"]
[Date "2013.10.12"]
[Round "5.10"]
[White "Margarido, Ricardo Emanuel Tor"]
[Black "Batista, Sandro Manuel Almei"]
[Result "0-1"]
[WhiteElo "1924"]
[BlackElo "1758"]
[PlyCount "146"]
[EventDate "2013.10.05"]
[EventType "swiss"]
[EventRounds "7"]
[EventCountry "POR"]
[SourceTitle "EXT 2015"]
[Source "ChessBase"]
[SourceDate "2014.11.20"]
[SourceVersion "1"]
[SourceVersionDate "2014.11.20"]
[SourceQuality "1"]

1. e4 c5 2. Nf3 d6 3. d4 cxd4 4. Qxd4 a6 5. Nc3 Nc6 6. Qd3 Nf6 7. Bg5 e6 8. 0-0-0 Be7 9. Nd4 Ne5 10. Qd2 0-0 11. f4 Ned7 12. Be2 Qc7 13. g4 b5 14. Bf3 Bb7 15. Rhe1 Nc5 16. Bxf6 Bxf6 17. g5 Be7 18. h4 b4 19. Nb1 e5 20. Nf5 b3 21. Nxe7+ Qxe7 22. axb3 Rac8 23. Nc3 Rfd8 24. f5 f6 25. Kb1 Bc6 26. Nd5 Bxd5 27. Qxd5+ Kh8 28. b4 Na4 29. gxf6 gxf6 30. h5 Qc7 31. Qd2 Rb8 32. Be2 Qb7 33. b3 Qxb4 34. Qxb4 Rxb4 35. Rd3 Nc5 36. Re3 a5 37. Bc4 Rdb8 38. Ka2 a4 39. Bd5 axb3+ 40. cxb3 Rd4 41. R1e2 Nd3 42. Bc4 Nc1+ 43. Ka3 Nxe2 44. Rxe2 Rd1 45. Rh2 Ra1+ 46. Kb2 Rba8 47. Kc3 Rc8 48. Rd2 Rc1+ 49. Kb4 Rb8+ 50. Ka3 Rd8 51. Rh2 Re1 52. Bd5 Rb8 53. h6 Rd1 54. Kb2 Rd4 55. Kc3 Rc8+ 56. Kb2 Rd1 57. Bc4 Ra8 58. Kc2 Ra2+ 59. Kxd1 Rxh2 60. b4 Rxh6 61. Kc2 Rh3 62. Bd3 h5 63. b5 Rg3 64. b6 Rg8 65. Bc4 Rb8 66. Kd2 Rxb6 67. Ke2 Kh7 68. Kf2 Kh6 69. Kg3 Kg5 70. Kf3 Rc6 71. Bd5 Rc3+ 72. Kg2 Kf4 73. Kh2 Re3 0-1

[Event "St Joao da Madeira op 10th"]
[Site "Sao Joao da Madeira"]
[Date "2013.10.06"]
[Round "4.11"]
[White "Da Costa Moreira, Euler Joarce"]
[Black "Margarido, Ricardo Emanuel Tor"]
[Result "0-1"]
[WhiteElo "1693"]
[BlackElo "1924"]
[PlyCount "132"]
[EventDate "2013.10.05"]
[EventType "swiss"]
[EventRounds "7"]
[EventCountry "POR"]
[SourceTitle "EXT 2015"]
[Source "ChessBase"]
[SourceDate "2014.11.20"]
[SourceVersion "1"]
[SourceVersionDate "2014.11.20"]
[SourceQuality "1"]

1. d4 Nf6 2. Nf3 d6 3. c3 Nbd7 4. Nbd2 e5 5. e4 g6 6. Bd3 Bg7 7. 0-0 0-0 8. Nc4 Re8 9. Re1 b5 10. Ncd2 a6 11. a4 Rb8 12. Qe2 c6 13. Nf1 Qc7 14. Ng3 Nb6 15. dxe5 dxe5 16. a5 Nbd7 17. Be3 c5 18. b3 Nf8 19. h3 Ne6 20. Qc2 Bb7 21. Ng5 Nf4 22. Bf1 h6 23. Nf3 Rbd8 24. Rec1 Qc6 25. Nd2 h5 26. f3 Bh6 27. Re1 Rd7 28. Rac1 Red8 29. Rcd1 Bg7 30. Nh1 Ne6 31. Nf2 Qc7 32. Ra1 Kh7 33. Red1 Bh6 34. Bxh6 Kxh6 35. g3 Rd6 36. h4 Qd7 37. Ra2 Ng8 38. Qc1 Kh7 39. Bh3 Qe7 40. Qa3 Nh6 41. Qc1 f5 42. Re1 f4 43. Nf1 fxg3 44. Nxg3 Qxh4 45. Kh2 Ng5 46. Kg2 Rf8 47. Re3 Rdf6 48. Qd1 Qf4 49. Rae2 Nxf3 50. Qd7+ R8f7 51. Qd8 Nh4+ 52. Kh1 Ng4 53. Bxg4 hxg4 54. Kg1 Nf3+ 55. Kg2 Qg5 56. Qd1 Nh4+ 57. Kg1 Rxf2 58. Nf5 Rxe2 59. Qxe2 Nf3+ 60. Kf1 Rxf5 61. Qd3 Qf4 62. Qd7+ Rf7 63. Qd3 Kg7 64. Ke2 g3 65. Qd6 g2 66. Rxf3 Qxf3+ 0-1

[Event "Famalicao op 1st"]
[Site "Famalicao"]
[Date "2013.08.28"]
[Round "5.7"]
[White "Oliveira, Maria Alice Ramos"]
[Black "Margarido, Ricardo Emanuel Tor"]
[Result "0-1"]
[WhiteElo "1433"]
[BlackElo "1915"]
[PlyCount "50"]
[EventDate "2013.08.26"]
[EventType "swiss"]
[EventRounds "9"]
[EventCountry "POR"]
[SourceTitle "EXT 2015"]
[Source "ChessBase"]
[SourceDate "2014.11.20"]
[SourceVersion "1"]
[SourceVersionDate "2014.11.20"]
[SourceQuality "1"]

1. e4 c5 2. Nf3 e6 3. d4 cxd4 4. Nxd4 a6 5. Nc3 b5 6. Bd3 Qb6 7. Be3 Bc5 8. Nce2 Nc6 9. c3 Nf6 10. h3 Bb7 11. Qc2 Rc8 12. Qb1 b4 13. Nc2 Ne5 14. Nxb4 Bxe3 15. fxe3 a5 16. 0-0 Qxe3+ 17. Kh1 axb4 18. Bb5 Nxe4 19. Qe1 Qc5 20. Nd4 bxc3 21. Qe3 cxb2 22. Rab1 Qd5 23. a4 Rc3 24. Qf4 Ng3+ 25. Kh2 Qxg2# 0-1

[Event "Famalicao op 1st"]
[Site "Famalicao"]
[Date "2013.08.26"]
[Round "2.12"]
[White "Margarido, Ricardo Emanuel Tor"]
[Black "Silva, Mariana Sofia Teixe"]
[Result "1-0"]
[WhiteElo "1915"]
[BlackElo "1624"]
[PlyCount "49"]
[EventDate "2013.08.26"]
[EventType "swiss"]
[EventRounds "9"]
[EventCountry "POR"]
[SourceTitle "EXT 2015"]
[Source "ChessBase"]
[SourceDate "2014.11.20"]
[SourceVersion "1"]
[SourceVersionDate "2014.11.20"]
[SourceQuality "1"]

1. e4 c5 2. d4 cxd4 3. c3 dxc3 4. Nxc3 Nc6 5. Nf3 g6 6. Bc4 Bg7 7. 0-0 d6 8. Qe2 Nf6 9. h3 0-0 10. Rd1 Nd7 11. Bg5 Qa5 12. Nd5 Re8 13. Rac1 a6 14. Bb3 Nc5 15. Bc4 Be6 16. a3 Bxd5 17. exd5 b5 18. Ba2 Na4 19. dxc6 Bxb2 20. Bd2 Bc3 21. Qe3 Bxd2 22. Rxd2 Nc5 23. Ng5 e6 24. Rxd6 Na4 25. c7 1-0

[Event "POR-ch prel"]
[Site "Matosinhos"]
[Date "2012.08.09"]
[Round "6.8"]
[White "Margarido, Ricardo Emanuel Tor"]
[Black "Cruz, Jorge Filipe Egas"]
[Result "1-0"]
[WhiteElo "1937"]
[BlackElo "2080"]
[PlyCount "67"]
[EventDate "2012.08.04"]
[EventType "swiss"]
[EventRounds "9"]
[EventCountry "POR"]
[SourceTitle "EXT 2015"]
[Source "ChessBase"]
[SourceDate "2014.11.20"]
[SourceVersion "1"]
[SourceVersionDate "2014.11.20"]
[SourceQuality "1"]

1. d4 Nf6 2. Nf3 e6 3. c4 d5 4. Nc3 c6 5. Bg5 Nbd7 6. e3 Bb4 7. Qc2 Qa5 8. Nd2 0-0 9. Bf4 c5 10. a3 cxd4 11. exd4 a6 12. axb4 Qxa1+ 13. Ke2 dxc4 14. g3 Nd5 15. Bd6 Re8 16. Bg2 Nxc3+ 17. bxc3 Qxh1 18. Bxh1 e5 19. Kf1 exd4 20. cxd4 Nb6 21. Bg2 Bg4 22. Bxb7 Be2+ 23. Kg2 Bd3 24. Qc1 Ra7 25. Bf3 Na4 26. Bc6 Re6 27. Bb8 Rae7 28. Bxa4 Re1 29. Qa3 R7e2 30. Qc3 g5 31. d5 g4 32. Qf6 Bg6 33. Bf4 Rc1 34. Bh6 1-0

[Event "POR Honra"]
[Site "Vila Nova de Gaia"]
[Date "2011.06.07"]
[Round "3"]
[White "Margarido, Ricardo Emanuel Tor"]
[Black "Margarido, Jose Miguel Teixeir"]
[Result "1-0"]
[WhiteElo "1975"]
[BlackElo "1831"]
[PlyCount "81"]
[EventDate "2011.06.05"]
[EventType "tourn"]
[EventRounds "9"]
[EventCountry "POR"]
[SourceTitle "CBM 142 Extra"]
[Source "ChessBase"]
[SourceDate "2011.06.27"]
[SourceVersion "1"]
[SourceVersionDate "2011.06.27"]
[SourceQuality "1"]

1. e4 c5 2. b3 e6 3. Nf3 d5 4. exd5 exd5 5. Bb5+ Bd7 6. Bxd7+ Nxd7 7. d4 Ngf6 8. 0-0 Be7 9. Bb2 0-0 10. Nc3 Rc8 11. Qd3 cxd4 12. Nxd4 Nc5 13. Qf3 Nfe4 14. Rfd1 Bh4 15. g3 Bf6 16. Nce2 Ne6 17. c4 Qd7 18. Nxe6 fxe6 19. Qxe4 Bxb2 20. Rab1 Qf7 21. Qg2 Ba3 22. Rd4 Qxf2+ 23. Qxf2 Rxf2 24. Kxf2 Bc5 25. Kf3 Bxd4 26. Nxd4 e5 27. Ne2 dxc4 28. bxc4 Rxc4 29. Rxb7 Ra4 30. Nc3 Rc4 31. Rb3 Kf7 32. Ra3 a5 33. Ne4 Ke6 34. Rxa5 h5 35. h4 Rb4 36. Rc5 Kf5 37. Nd6+ Ke6 38. Nc4 Ra4 39. a3 Kf6 40. Ke4 g5 41. Rc6+ 1-0

[Event "Wch U18"]
[Site "Kemer"]
[Date "2009.11.20"]
[Round "9"]
[White "Margarido, Ricardo Emanuel Tor"]
[Black "Kocheev, Aleksandr"]
[Result "0-1"]
[WhiteElo "1966"]
[BlackElo "2247"]
[PlyCount "74"]
[EventDate "2009.11.12"]
[EventType "swiss"]
[EventRounds "11"]
[EventCountry "TUR"]
[SourceTitle "EXT 2010"]
[Source "ChessBase"]
[SourceDate "2010.11.25"]
[SourceVersion "1"]
[SourceVersionDate "2010.11.25"]
[SourceQuality "1"]

1. d4 Nf6 2. c4 g6 3. Nf3 Bg7 4. g3 0-0 5. Bg2 c6 6. 0-0 d5 7. Nc3 Ne4 8. Qb3 Nxc3 9. bxc3 dxc4 10. Qxc4 Be6 11. Qb4 Qd7 12. Ba3 Re8 13. Ng5 a5 14. Qb2 Bc4 15. Rfb1 b5 16. Ne4 e5 17. Bc5 Na6 18. Rd1 Bd5 19. Nd6 exd4 20. Nxe8 dxc3 21. Qc2 Qxe8 22. Bd4 Bxg2 23. Kxg2 b4 24. Bxg7 Kxg7 25. Rd6 Nc7 26. Rd4 c5 27. Re4 Qc6 28. f3 Nb5 29. Rd1 Nd4 30. Qd3 Rd8 31. Qc4 Nxf3 32. Rxd8 Nd2 33. Qd5 Qxd5 34. Rxd5 Nxe4 35. Rd1 a4 36. Kf3 c2 37. Rc1 b3 0-1

[Event "Burgas op 17th"]
[Site "Ourense"]
[Date "2008.07.10"]
[Round "8"]
[White "Margarido, Ricardo Emanuel Tor"]
[Black "Figueiredo, Bruno Antonio"]
[Result "1/2-1/2"]
[WhiteElo "1864"]
[BlackElo "1933"]
[PlyCount "63"]
[EventDate "2008.07.03"]
[EventType "swiss"]
[EventRounds "9"]
[EventCountry "ESP"]
[SourceTitle "CBM 125 Extra"]
[Source "ChessBase"]
[SourceDate "2008.09.01"]
[SourceVersion "1"]
[SourceVersionDate "2008.09.01"]
[SourceQuality "1"]

1. e4 c5 2. Nf3 Nc6 3. d4 cxd4 4. c3 Nf6 5. e5 Nd5 6. cxd4 d6 7. Bc4 Nb6 8. Bb5 d5 9. 0-0 Bg4 10. Be3 e6 11. Nbd2 Be7 12. Rc1 Rc8 13. Re1 0-0 14. a3 Na5 15. Qe2 a6 16. Bd3 Bxf3 17. Qxf3 Nac4 18. Nxc4 dxc4 19. Be4 Nd5 20. Qg4 Nxe3 21. Rxe3 Bg5 22. Rg3 Bh6 23. Qh5 Kh8 24. Rd1 Qb6 25. Qe2 g6 26. h4 Rfd8 27. Rf3 Rc7 28. d5 exd5 29. Bxd5 Rcd7 30. Rf6 Qc5 31. Qf3 Rxd5 32. Rxf7 1/2-1/2

[Event "Burgas op 17th"]
[Site "Ourense"]
[Date "2008.07.07"]
[Round "5"]
[White "Villalta Bustillo, Igor"]
[Black "Margarido, Ricardo Emanuel Tor"]
[Result "1-0"]
[WhiteElo "2146"]
[BlackElo "1864"]
[PlyCount "87"]
[EventDate "2008.07.03"]
[EventType "swiss"]
[EventRounds "9"]
[EventCountry "ESP"]
[SourceTitle "CBM 125 Extra"]
[Source "ChessBase"]
[SourceDate "2008.09.01"]
[SourceVersion "1"]
[SourceVersionDate "2008.09.01"]
[SourceQuality "1"]

1. d4 Nf6 2. Nf3 e6 3. Nbd2 c5 4. e3 b6 5. Bd3 Bb7 6. c3 Be7 7. Qe2 0-0 8. e4 cxd4 9. cxd4 Nc6 10. a3 Rc8 11. 0-0 Rc7 12. Re1 Qa8 13. h3 Rfc8 14. e5 Nd5 15. Ne4 Na5 16. Nfg5 h6 17. Nxf7 Rxc1 18. Nxh6+ gxh6 19. Raxc1 Rxc1 20. Rxc1 Qf8 21. Ng3 Bg5 22. Qg4 Qf4 23. Rd1 Qxg4 24. hxg4 Nf4 25. Bf1 Nc6 26. Ne2 Ne7 27. Nxf4 Bxf4 28. g3 Bf3 29. Rd3 Bc1 30. Rxf3 Bxb2 31. Bb5 Nc6 32. Bxc6 dxc6 33. Rf6 Bxd4 34. Rxh6 Bxe5 35. Rxe6 Bb2 36. Rxc6 Bxa3 37. Rc8+ Bf8 38. Ra8 a5 39. Rb8 a4 40. Rxb6 Kf7 41. Ra6 a3 42. f4 Be7 43. Kg2 Bc5 44. Kf3 1-0

[Event "Porto District-ch prel A"]
[Site "Porto"]
[Date "2006.11.30"]
[Round "3.3"]
[White "Araujo, Jose Verissimo"]
[Black "Margarido, Ricardo Emanuel Tor"]
[Result "0-1"]
[WhiteElo "1949"]
[BlackElo "1832"]
[PlyCount "148"]
[EventDate "2006.11.16"]
[EventType "swiss"]
[EventRounds "6"]
[EventCountry "POR"]
[SourceTitle "EXT 2022"]
[Source "ChessBase"]
[SourceDate "2021.10.06"]
[SourceVersion "1"]
[SourceVersionDate "2021.10.06"]
[SourceQuality "1"]

1. e4 c5 2. Nc3 Nc6 3. f4 e6 4. Nf3 a6 5. a4 d5 6. d3 Nf6 7. e5 Nd7 8. Be2 Be7 9. 0-0 0-0 10. Nb1 f6 11. exf6 Bxf6 12. c3 e5 13. fxe5 Ndxe5 14. Nxe5 Bxe5 15. Rxf8+ Qxf8 16. Bf3 Qd6 17. h3 Be6 18. Bg5 Rf8 19. Qe2 Bh2+ 20. Kh1 Ne5 21. Nd2 Bg3 22. d4 cxd4 23. cxd4 Nxf3 24. Nxf3 h6 25. Bd2 Bf5 26. Ra3 Be4 27. Rb3 Qd7 28. a5 Qa4 29. Rc3 Qa1+ 30. Rc1 Qxb2 31. Qd1 Bxf3 32. gxf3 Qxd4 33. Qe2 Qf2 34. Qxf2 Bxf2 35. Kg2 Bh4 36. Rc7 Rf7 37. Rc8+ Kh7 38. Rc5 Rd7 39. f4 Kg6 40. Kf3 Kf5 41. Bc3 Bf6 42. Bd2 Bd4 43. Rc8 Ke6 44. h4 Bf6 45. h5 Be7 46. Kg4 Bd6 47. Bc3 Kf7 48. Bd2 d4 49. Kf3 Kf6 50. Ke4 g6 51. hxg6 Kxg6 52. f5+ Kg7 53. Re8 Re7+ 54. Rxe7+ Bxe7 55. Kxd4 h5 56. Ke5 Kf7 57. Kf4 Kf8 58. Ke5 Kf7 59. Kf4 Kf6 60. Bc3+ Kf7 61. Kf3 Bf6 62. Bb4 Ke8 63. Ke4 Kd7 64. Kd5 h4 65. Be1 h3 66. Bg3 Bc3 67. Bd6 Bxa5 68. f6 Bd8 69. f7 Be7 70. Bh2 Bf8 71. Bg3 Ke7 72. Kc5 Kxf7+ 73. Kb6 Ke6 74. Kxb7 a5 0-1